Political Parties of all the US Presidents - Statistics

General Stats
  • This quiz has been taken 107 times
  • The average score is 10 of 12
Answer Stats
President Party Years % Correct
Andrew Jackson Democrat 1829-1837
98%
Martin Van Buren Democrat 1837-1841
98%
James K. Polk Democrat 1845-1849
98%
William Henry Harrison Whig 1841
85%
John Tyler Whig 1841-1845
85%
Zachary Taylor Whig 1849-1850
85%
John Adams Federalist 1797-1801
75%
John Quincy Adams Federalist 1825-1829
75%
George Washington Independent 1789-1797
75%
Thomas Jefferson Democratic-Republican 1801-1809
66%
James Madison Democratic-Republican 1809-1817
66%
James Monroe Democratic-Republican 1817-1825
66%
No matching quizzes found
Score Distribution
Percent of People with Each Score
Percentile by Number Answered
Your Score History
You have not taken this quiz